[Event "Ceske Budejovice op-B"]
[Site "Ceske Budejovice"]
[Date "2020.07.06"]
[Round "6"]
[White "Bastyr, Pavel"]
[Black "Stary, Vojtech"]
[Result "1/2-1/2"]
[WhiteElo "1439"]
[BlackElo "1422"]
[PlyCount "38"]
[EventDate "2020.07.01"]
[EventType "swiss"]
[EventRounds "9"]
[EventCountry "CZE"]
[SourceTitle "CBM 197 Extra"]
[Source "ChessBase"]
[SourceDate "2020.09.30"]
[SourceVersion "1"]
[SourceVersionDate "2020.09.30"]
[SourceQuality "1"]

1. d4 Nf6 2. c4 g6 3. Nc3 d5 4. Bg5 c6 5. Nf3 Bg7 6. e3 0-0 7. Be2 dxc4 8. Bxc4 Nbd7 9. b4 Nb6 10. Bb3 Nbd5 11. Nxd5 Nxd5 12. a3 b6 13. 0-0 Ba6 14. Re1 Rc8 15. Rc1 Kh8 16. e4 Nf6 17. Ne5 Qe8 18. Qf3 Kg8 19. Rc3 Bb7 1/2-1/2

[Event "Ceske Budejovice op-B"]
[Site "Ceske Budejovice"]
[Date "2020.07.02"]
[Round "2"]
[White "Zelbova, Lada"]
[Black "Stary, Vojtech"]
[Result "1-0"]
[WhiteElo "1637"]
[BlackElo "1422"]
[PlyCount "109"]
[EventDate "2020.07.01"]
[EventType "swiss"]
[EventRounds "9"]
[EventCountry "CZE"]
[SourceTitle "CBM 197 Extra"]
[Source "ChessBase"]
[SourceDate "2020.09.30"]
[SourceVersion "1"]
[SourceVersionDate "2020.09.30"]
[SourceQuality "1"]

1. d4 d5 2. Bf4 Nf6 3. e3 e6 4. Nf3 Bd6 5. Nbd2 Bxf4 6. exf4 0-0 7. Bd3 Nbd7 8. 0-0 b6 9. Ne5 Bb7 10. Qe2 c5 11. c3 Qc7 12. Rae1 Rac8 13. g4 cxd4 14. cxd4 Qd6 15. a3 Rc7 16. g5 Ne8 17. Qh5 g6 18. Qh6 Ng7 19. Re3 Rfc8 20. Rh3 Nf8 21. Ng4 f5 22. gxf6 Nf5 23. f7+ Rxf7 24. Qg5 Kh8 25. Nf3 Qe7 26. Nge5 Rg7 27. Qg2 Nd7 28. Kh1 Nf8 29. Rg1 Kg8 30. Qf1 Nd7 31. Nxd7 Qxd7 32. Qe1 Qd6 33. Qe5 Qxe5 34. fxe5 Rcc7 35. Rd1 Rc8 36. Kg1 Rgc7 37. Kf1 Re7 38. Ke2 Kg7 39. Kd2 h6 40. Bxf5 gxf5 41. Rg1+ Kf8 42. Rxh6 Rec7 43. Rf6+ Ke7 44. Rg7+ Ke8 45. Rxe6+ Kf8 46. Rxc7 Rxc7 47. Ng5 Rg7 48. f4 Rc7 49. b3 b5 50. h4 a5 51. Rb6 Bc8 52. Rxb5 Rc6 53. Rxa5 Rh6 54. Ra8 Rc6 55. h5 1-0

[Event "CZE-ch U10"]
[Site "Kouty nad Desnou"]
[Date "2020.03.12"]
[Round "7"]
[White "Soucek, Andrej"]
[Black "Stary, Vojtech"]
[Result "0-1"]
[WhiteElo "1043"]
[BlackElo "1559"]
[PlyCount "100"]
[EventDate "2020.03.07"]
[EventType "swiss"]
[EventRounds "7"]
[EventCountry "CZE"]
[SourceTitle "CBM 195 Extra"]
[Source "ChessBase"]
[SourceDate "2020.05.31"]
[SourceVersion "1"]
[SourceVersionDate "2020.05.31"]
[SourceQuality "1"]

1. e4 e5 2. Nf3 Nc6 3. d4 exd4 4. Nxd4 Nf6 5. Nc3 Bb4 6. Nxc6 bxc6 7. Bd3 d5 8. exd5 cxd5 9. 0-0 0-0 10. Bg5 c6 11. Qf3 Be7 12. h3 h6 13. Bh4 Be6 14. Rfe1 Qd7 15. a3 Rfe8 16. Rad1 Qb7 17. b4 Nd7 18. Bxe7 Rxe7 19. Bf5 Rae8 20. Rd3 Qc7 21. Bxe6 Rxe6 22. Rxe6 Rxe6 23. Re3 Rxe3 24. Qxe3 Nf6 25. Qg3 Qxg3 26. fxg3 Ne4 27. Nxe4 dxe4 28. Kf2 Kf8 29. Ke3 f5 30. g4 g6 31. c4 h5 32. g5 h4 33. Kd4 Ke7 34. Ke3 Kd7 35. Kd4 Kc7 36. a4 Kb6 37. c5+ Kb7 38. Ke3 a5 39. bxa5 Ka6 40. Kd4 Kxa5 41. Kc4 Kxa4 42. Kd4 Kb4 43. Ke3 Kxc5 44. Kf4 Kd5 45. Ke3 c5 46. Kd2 Kd4 47. Ke2 c4 48. Kd2 c3+ 49. Kc2 e3 50. Kd1 Kd3 0-1

[Event "EU-ch U10"]
[Site "Bratislava"]
[Date "2019.08.08"]
[Round "7"]
[White "Jaakkola, Niklas"]
[Black "Stary, Vojtech"]
[Result "1-0"]
[WhiteElo "1689"]
[BlackElo "1423"]
[PlyCount "45"]
[EventDate "2019.08.02"]
[EventType "swiss"]
[EventRounds "9"]
[EventCountry "SVK"]
[SourceTitle "EXT 2020"]
[Source "ChessBase"]
[SourceDate "2019.10.17"]
[SourceVersion "1"]
[SourceVersionDate "2019.10.17"]
[SourceQuality "1"]

1. e4 e5 2. Nf3 Nc6 3. Bb5 a6 4. Ba4 Nf6 5. 0-0 d6 6. d4 exd4 7. Nxd4 Bd7 8. Bxc6 bxc6 9. Nc3 g6 10. Bg5 Bg7 11. f4 0-0 12. e5 d5 13. Bxf6 Bxf6 14. exf6 Qxf6 15. f5 Qd8 16. f6 c5 17. Nb3 c4 18. Nc5 c6 19. Qd2 Kh8 20. Nxd7 Qxd7 21. Qh6 Rg8 22. Rf3 Qa7+ 23. Kh1 1-0

[Event "EU-ch U10"]
[Site "Bratislava"]
[Date "2019.08.07"]
[Round "6"]
[White "Stary, Vojtech"]
[Black "Shmyrev, Nikolai"]
[Result "1-0"]
[WhiteElo "1423"]
[BlackElo "1086"]
[PlyCount "167"]
[EventDate "2019.08.02"]
[EventType "swiss"]
[EventRounds "9"]
[EventCountry "SVK"]
[SourceTitle "EXT 2020"]
[Source "ChessBase"]
[SourceDate "2019.10.17"]
[SourceVersion "1"]
[SourceVersionDate "2019.10.17"]
[SourceQuality "1"]

1. e4 e5 2. Nf3 Nc6 3. d4 exd4 4. Nxd4 Bc5 5. Be3 Qf6 6. c3 Nge7 7. Qf3 Qxf3 8. gxf3 Nxd4 9. cxd4 Bb4+ 10. Nc3 0-0 11. a3 Bxc3+ 12. bxc3 f5 13. Bc4+ Kh8 14. Ke2 f4 15. Bd2 Ng6 16. Rhg1 d6 17. Rab1 Rb8 18. Ba6 Be6 19. Bd3 Ne7 20. Rb2 Bd7 21. Rgb1 b6 22. Rg1 Rbc8 23. Kd1 Bc6 24. Bb5 Bxb5 25. Rxb5 Ng6 26. Rg4 Rf7 27. Kc2 Rcf8 28. c4 Ne7 29. c5 Nc6 30. Bc3 Rd7 31. cxb6 axb6 32. d5 Ne5 33. Bxe5 dxe5 34. Kc3 Kg8 35. Rg5 Re8 36. Rb1 Kf8 37. Rf5+ Rf7 38. Rxf7+ Kxf7 39. Kb4 Rc8 40. Kb5 Ke7 41. Rg1 g6 42. Kc6 b5 43. Kxb5 Kd6 44. a4 Rb8+ 45. Kc4 c6 46. dxc6 Kxc6 47. a5 Ra8 48. Ra1 Ra6 49. Kb4 h5 50. Rc1+ Kb7 51. Kb5 g5 52. Rc5 Re6 53. Rd5 g4 54. fxg4 hxg4 55. Rd7+ Kc8 56. Rg7 Rd6 57. Rxg4 Rd2 58. h4 Rxf2 59. Rg5 f3 60. Rf5 Rf1 61. h5 f2 62. Ka6 Rh1 63. Rxf2 Rxh5 64. Kb5 Rh7 65. Rf5 Re7 66. a6 Kb8 67. Rf6 Ka7 68. Kc5 Re8 69. Kd5 Re7 70. Re6 Rd7+ 71. Kxe5 Rd8 72. Kf6 Rh8 73. e5 Rh3 74. Rd6 Rf3+ 75. Ke7 Rf5 76. e6 Rh5 77. Kd7 Rh7+ 78. e7 Kb8 79. Kd8 Rg7 80. e8Q Rc7 81. Rb6+ Ka7 82. Rb7+ Rxb7 83. axb7 Kb8 84. Qb5 1-0

[Event "EU-ch U10"]
[Site "Bratislava"]
[Date "2019.08.02"]
[Round "1"]
[White "Azadaliyev, Jahandar"]
[Black "Stary, Vojtech"]
[Result "1-0"]
[WhiteElo "1905"]
[BlackElo "1423"]
[PlyCount "55"]
[EventDate "2019.08.02"]
[EventType "swiss"]
[EventRounds "9"]
[EventCountry "SVK"]
[SourceTitle "EXT 2020"]
[Source "ChessBase"]
[SourceDate "2019.10.17"]
[SourceVersion "1"]
[SourceVersionDate "2019.10.17"]
[SourceQuality "1"]

1. d4 d5 2. c4 e6 3. Nc3 Nf6 4. cxd5 exd5 5. Bg5 c6 6. e3 Be7 7. Bd3 0-0 8. Qc2 h6 9. Bh4 Be6 10. Nge2 Nbd7 11. 0-0 Nb6 12. f3 Qc7 13. Nf4 Bd7 14. Bxf6 Bxf6 15. Ncxd5 Nxd5 16. Nxd5 Qd8 17. Nxf6+ Qxf6 18. Rad1 Qe6 19. e4 Qxa2 20. f4 Qe6 21. f5 Qe8 22. e5 Qd8 23. Rf3 Qb6 24. Be4 Kh8 25. f6 g6 26. Bxg6 Bg4 27. Qc1 Bxf3 28. Qxh6+ 1-0